Secuestros y rehenes (Registro nro. 12776)
[ vista simple ]
| 000 -Cabecera | |
|---|---|
| Campo de control de longitud fija | 00842nam a22003257a 4500 |
| 005 - Fecha y hora de la última transacción | |
| Campo de control | 20260316183143.0 |
| 008 - Elementos de longitud fija--Información general | |
| Campo de control de longitud fija | 200917b2019 xxu||||| |||| 00| 0 spa d |
| 020 ## - International Standard Book Number | |
| Número Internacional Estándar del Libro (ISBN) | 9789962721253 |
| 041 ## - Idioma | |
| Código de idioma | Español |
| 082 ## - Clasificación Decimal Dewey | |
| Número de clasificación | 364.154 Y89s |
| 100 ## - Entrada principal--Autor personal | |
| Nombre personal | Yrimia, Héctor Luis |
| 9 (RLIN) | 58888 |
| 245 ## - Título propiamente dicho | |
| Título | Secuestros y rehenes |
| 260 ## - Pie de imprenta | |
| Lugar de publicación, distribución, etc. | México |
| 260 ## - Pie de imprenta | |
| Nombre del editor, distribuidor, etc. | Seguridad y Defensa |
| 260 ## - Pie de imprenta | |
| Fecha de publicación, distribución, etc. | 2019 |
| 300 ## - Descripción física | |
| Extensión | 95 páginas |
| 490 ## - Serie | |
| Título de la Serie | Investigación Criminal |
| 650 ## - Materia general | |
| Temática (materia general) | INVESTIGACIÓN CRIMINAL |
| 650 ## - Materia general | |
| Temática (materia general) | SECUESTROS |
| 650 ## - Materia general | |
| Temática (materia general) | REHENES |
| 650 ## - Materia general | |
| Temática (materia general) | SECUESTROS EXPRESS |
| 650 ## - Materia general | |
| Temática (materia general) | SECUESTROS DE LARGO CAUTIVERIO |
| 650 ## - Materia general | |
| Temática (materia general) | TAREAS DE INTELIGENCIA |
| 650 ## - Materia general | |
| Temática (materia general) | TRASLADO |
| 650 ## - Materia general | |
| Temática (materia general) | PRUEBA DE VIDA |
| 650 ## - Materia general | |
| Temática (materia general) | RESCATE |
| 650 ## - Materia general | |
| Temática (materia general) | LIBERACIÓN DEL REHÉN |
| 650 ## - Materia general | |
| Temática (materia general) | SOLUCIONES DEL PROBLEMA |
| 942 ## - Punto de acceso adicional KOHA | |
| Tipo de ítem KOHA | Libro |
| Fuente del sistema de clasificación o colocación | Dewey Decimal Classification |
| Signatura completa | Código de barras | Programa Académico | Tipo de ítem |
|---|---|---|---|
| 364.154 Y89s | 25024 | Investigación Criminal | Libro |